The new basel capital accord / (Record no. 346503)

000 -LEADER
fixed length control field 01336 a2200181 4500
020 ## - INTERNATIONAL STANDARD BOOK NUMBER
International Standard Book Number 0324202989 (hardcover)
020 ## - INTERNATIONAL STANDARD BOOK NUMBER
International Standard Book Number 9780324202984 (hardcover)
082 04 - DEWEY DECIMAL CLASSIFICATION NUMBER
Classification number 332.1068
090 ## - LOCALLY ASSIGNED LC-TYPE CALL NUMBER (OCLC); LOCAL CALL NUMBER (RLIN)
-- 4046
-- 4046
100 1# - MAIN ENTRY--PERSONAL NAME
Personal name Gup, Benton E.
245 14 - TITLE STATEMENT
Title The new basel capital accord /
Statement of responsibility, etc. Benton E. Gup.
250 ## - EDITION STATEMENT
Edition statement 1st ed.
260 ## - PUBLICATION, DISTRIBUTION, ETC.
Place of publication, distribution, etc. [S.l.] :
Name of publisher, distributor, etc. South-Western Educational Pub,
Date of publication, distribution, etc. 2004.
300 ## - PHYSICAL DESCRIPTION
Extent 462 p. ;
Dimensions 24 cm.
520 ## - SUMMARY, ETC.
Summary, etc. Becoming operational in 2007, the Basel Capital Accord initiative is an effort to bring order to international capital markets and level the playing field for banks. Bottom line, officials hope to align capital with the risks faced by banks. However, despite the worldwide endorsements by regulators, the Accord may not be the "sure thing" everyone hopes it will be. It is very costly to implement and is not suitable for all banks. The question remains, though: Will it succeed? Gathering perspectives from the top minds in the field of international banking and finance, Gup's intriguing book The New Basel Capital Accord offers authoritative, provocative, and practical discussion and analysis of the impact of the Accord and discusses new opportunities for regulatory arbitrage.
856 40 - ELECTRONIC LOCATION AND ACCESS
Materials specified Amazon.com
Uniform Resource Identifier <a href="http://www.amazon.com/exec/obidos/ASIN/0324202989/chopaconline-20">http://www.amazon.com/exec/obidos/ASIN/0324202989/chopaconline-20</a>
942 ## - ADDED ENTRY ELEMENTS (KOHA)
Institution code [OBSOLETE] NBS
Koha item type Book
Call number prefix 332.1068 GUP
Holdings
Withdrawn status Lost status Damaged status Not for loan Permanent Location Current Location Date acquired Total Checkouts Full call number Barcode Date last seen Date last checked out Price effective from Koha item type
        Central Library (CL) Central Library (CL) 08/28/2013 2 332.1068 GUP NBS8058 11/22/2017 07/31/2017 08/28/2013 Book
© 2023 Central Library, National University of Sciences and Technology. All Rights Reserved.